000 00756nam a2200241Ia 4500
008 170203s9999 xx 000 0 und d
020 _a971508284x
050 _aFic
050 _bB826c
100 _aBravo, Becky.
245 4 _aThe cat painter /
245 _cstory by Becky Bravo ; illustrations by Mark Ramsel Salvatus III ; [translation by Aneka Rodriguez and Dencel Aquino].
250 _a2nd ed.
260 _aQuezon City, Philippines :
260 _bAdarna House,
260 _c©2006.
300 _a1 volume (unpaged) :
300 _bcolor illustrations ;
300 _c23 cm
500 _aIn English and Tagalog [p.31-32].
650 _aChildren's literature, Philippine (English)
650 _aTagalog language materials.
999 _c306327
_d306327